Score 0/16 Timer 06:00
0 Plays Today
Description Dish % Correct
Fries, gravy, curdsPoutine
100%
Flavour of chip not widely available in the USA Ketchup
72.4%
Two creams, two sugarsDouble Double
72.4%
Dessert named after a BC cityNanaimo Bar
58.6%
Pita wrap served with a sweet white sauceDonair
51.7%
Type of dessert wineIce Wine
51.7%
Deep fried doughBeaverTail
48.3%
Québécois soup, often with hamSplit Pea Soup
44.8%
Description Dish % Correct
Pork loin rolled in cornmeal Peameal Bacon
44.8%
If you ask for this in the USA, you'll get a candy more similar to what Canadian's know as RocketsSmarties
44.8%
Meat pieTourtiere
41.4%
Fry bread adopted by Indigenous peoplesBannock
31%
A sweet dessert with a flaky crust and gooey fillingButter Tart
24.1%
Purple, blue and yellow swirled ice cream popular in the MaritimesMoon Mist
20.7%
Newfoundland dish of fried & cured salted pork fat Scrunchion
13.8%
Manitoba dipping sauceHoney Dill
13.8%
Remove Ads.
Support Sporcle.
Get the best of Sporcle when you Go Orange. This ad-free experience offers more features, more stats, and more fun while also helping to support Sporcle. Thank you for becoming a member.

You're not logged in!

Compare scores with friends on all Sporcle quizzes.
OR
Log In

Sporcle TV

Today on Sporcle TV


Watch our educational content, quiz creation guides, and fun videos on Sporcle TV.

Show Comments

Extras

Top Quizzes Today


Score Distribution

Paid Content

Your Account Isn't Verified!

In order to create a playlist on Sporcle, you need to verify the email address you used during registration. Go to your Sporcle Settings to finish the process.

Report this User

Report this user for behavior that violates our Community Guidelines.

Details: